000 00575cam a2200193 4500500
005 20260405003159.0
041 _afre
042 _adc
100 1 0 _aLarmagnac-Matheron, Octave
_eauthor
245 0 0 _aL’image/Sublimes abysses
260 _c2020.
500 _a38
690 _aAlain Corbin
690 _aEnvironnement
690 _aOcéan
690 _aProfondeur
786 0 _nPhilosophie magazine | 145 | 1 | 2020-12-01 | p. 5-5 | 1951-1787
856 4 1 _uhttps://shs.cairn.info/magazine-philosophie-magazine-2020-12-1-page-5?lang=fr&redirect-ssocas=7080
999 _c2065101
_d2065101